[Event "39th Zurich Christmas"]
[Site "Zurich SUI"]
[Date "2015.12.29"]
[Round "6.19"]
[White "Kriste, Vincent"]
[Black "Wyss, Jonas"]
[Result "0-1"]
[BlackTitle "FM"]
[WhiteElo "2178"]
[BlackElo "2289"]
[WhiteFideId "1309714"]
[BlackFideId "1311387"]
[EventDate "2015.12.26"]

1. c4 g6 2. g3 Bg7 3. Bg2 Nf6 4. Nc3 O-O 5. e4 d6 6. Nge2 e5 7. d3 Be6 8. O-O
Qd7 9. Nd5 c6 10. Ne3 d5 11. cxd5 cxd5 12. exd5 Nxd5 13. d4 Rd8 14. dxe5 Bxe5
15. Nxd5 Bxd5 16. Bf4 Bxg2 17. Qxd7 Rxd7 18. Kxg2 Bxb2 19. Rad1 Bf6 20. Be3 Rxd1
21. Rxd1 Nc6 22. Rd7 Rb8 23. Bf4 Re8 24. Kf3 Re7 25. Rxe7 Bxe7 26. Nc3 f5 27.
Nd5 Kf7 28. g4 fxg4+ 29. Kxg4 h5+ 30. Kf3 Nb4 31. Nc3 Ke6 32. Ke4 a6 33. a4 Bf6
34. Ne2 Nd5 35. Be3 b5 36. axb5 axb5 37. Bd4 b4 38. Bxf6 Nxf6+ 39. Kd4 Ng4 40.
Kc4 Nxh2 41. Kxb4 Ke5 42. Kc3 Ke4 43. Kd2 h4 44. Ke1 g5 45. Nc1 Kf3 46. Nd3 h3
47. Ne5+ Kg2 48. Ke2 Nf1 49. Nf3 h2 0-1

[Event "39th Zurich Christmas"]
[Site "Zurich SUI"]
[Date "2015.12.29"]
[Round "6.21"]
[White "Gantner, Matthias"]
[Black "Duong, Yisam"]
[Result "1-0"]
[WhiteTitle "FM"]
[WhiteElo "2274"]
[BlackElo "1900"]
[WhiteFideId "1310534"]
[BlackFideId "1325906"]
[EventDate "2015.12.26"]

1. e4 e5 2. f4 exf4 3. Nf3 Ne7 4. Qe2 d5 5. exd5 Qxd5 6. d4 Qe6 7. Bxf4 Nd5 8.
Bg3 Qxe2+ 9. Bxe2 Bf5 10. c3 Ne3 11. Nh4 Be4 12. Kf2 Nf5 13. Nxf5 Bxf5 14. Bxc7
Kd7 15. Bg3 Bd6 16. Bxd6 Kxd6 17. Nd2 Nc6 18. Nc4+ Kc7 19. d5 Nd8 20. Bf3 f6 21.
Rhe1 Kd7 22. Rad1 Rb8 23. Ne3 Bg6 24. Bg4+ Ke7 25. d6+ 1-0

[Event "39th Zurich Christmas"]
[Site "Zurich SUI"]
[Date "2015.12.30"]
[Round "7.2"]
[White "Kunin, Vitaly"]
[Black "Vorobiov, Evgeny E."]
[Result "1/2-1/2"]
[WhiteTitle "GM"]
[BlackTitle "GM"]
[WhiteElo "2572"]
[BlackElo "2574"]
[WhiteFideId "4128737"]
[BlackFideId "4121341"]
[EventDate "2015.12.26"]

1. d4 d5 2. c4 dxc4 3. Nf3 Nf6 4. e3 e6 5. Bxc4 c5 6. O-O a6 7. dxc5 Qxd1 8.
Rxd1 Bxc5 9. b3 Nbd7 10. Bb2 b5 11. Be2 Bb7 12. Nbd2 O-O 1/2-1/2

[Event "39th Zurich Christmas"]
[Site "Zurich SUI"]
[Date "2015.12.30"]
[Round "7.3"]
[White "Georgiev, Kiril"]
[Black "Kurmann, Oliver"]
[Result "1-0"]
[WhiteTitle "GM"]
[BlackTitle "IM"]
[WhiteElo "2627"]
[BlackElo "2435"]
[WhiteFideId "2900017"]
[BlackFideId "1308173"]
[EventDate "2015.12.26"]

1. d4 d5 2. c4 c6 3. Nf3 Nf6 4. Nc3 a6 5. e3 b5 6. b3 Bg4 7. Bd2 h6 8. Bd3 e6 9.
Qc2 Nbd7 10. cxd5 Nxd5 11. a3 Bxf3 12. gxf3 Nxc3 13. Bxc3 c5 14. Be4 Rc8 15. d5
e5 16. Rg1 Qf6 17. f4 Bd6 18. Bf5 Kd8 19. Rd1 Re8 20. Kf1 b4 21. Bb2 bxa3 22.
Bc3 Re7 23. fxe5 1-0

[Event "39th Zurich Christmas"]
[Site "Zurich SUI"]
[Date "2015.12.30"]
[Round "7.4"]
[White "Gonda, Laszlo"]
[Black "Pelletier, Yannick"]
[Result "1-0"]
[WhiteTitle "GM"]
[BlackTitle "GM"]
[WhiteElo "2544"]
[BlackElo "2571"]
[WhiteFideId "720852"]
[BlackFideId "1301837"]
[EventDate "2015.12.26"]

1. Nf3 Nf6 2. g3 d5 3. Bg2 c6 4. c4 Bg4 5. Ne5 Be6 6. cxd5 Bxd5 7. Nf3 c5 8. Nc3
Bc6 9. O-O Nbd7 10. Re1 Rc8 11. e4 e5 12. d3 Be7 13. a4 O-O 14. Nd2 Ne8 15. Nc4
Nc7 16. Bh3 Bf6 17. Qb3 b6 18. Nb5 Ra8 19. Bd2 Re8 20. Ncd6 Re7 21. Nf5 Re8 22.
Nbd6 Re6 23. Rec1 Bg5 24. Nxf7 1-0

[Event "39th Zurich Christmas"]
[Site "Zurich SUI"]
[Date "2015.12.30"]
[Round "7.5"]
[White "Burmakin, Vladimir"]
[Black "Habu, Yoshiharu"]
[Result "1/2-1/2"]
[WhiteTitle "GM"]
[BlackTitle "FM"]
[WhiteElo "2556"]
[BlackElo "2398"]
[WhiteFideId "4105109"]
[BlackFideId "7000537"]
[EventDate "2015.12.26"]

1. Nf3 d5 2. g3 Nf6 3. Bg2 c6 4. O-O Bg4 5. d4 Nbd7 6. Nbd2 e6 7. Re1 Be7 8. e4
dxe4 9. Nxe4 Nxe4 10. Rxe4 Bf5 11. Re1 O-O 12. c3 a5 13. a4 h6 14. Be3 Be4 15.
Bf4 Bd5 16. Qe2 Nb6 17. Nd2 1/2-1/2

[Event "39th Zurich Christmas"]
[Site "Zurich SUI"]
[Date "2015.12.30"]
[Round "7.6"]
[White "Sebenik, Matej"]
[Black "Bogner, Sebastian"]
[Result "1/2-1/2"]
[WhiteTitle "GM"]
[BlackTitle "GM"]
[WhiteElo "2523"]
[BlackElo "2546"]
[WhiteFideId "14602296"]
[BlackFideId "4692055"]
[EventDate "2015.12.26"]

1. Nf3 d5 2. g3 c6 3. Bg2 Bg4 4. c4 e6 5. cxd5 Bxf3 6. Bxf3 cxd5 7. O-O Nc6 8.
d4 Nf6 9. Nc3 Be7 10. e3 O-O 11. Bd2 Nd7 12. Ne2 Qb6 13. Bc3 Rfc8 14. Qd2 Nf6
15. Nf4 Bd6 16. Rac1 1/2-1/2

[Event "39th Zurich Christmas"]
[Site "Zurich SUI"]
[Date "2015.12.30"]
[Round "7.7"]
[White "Gundavaa, Bayarsaikhan"]
[Black "Pikula, Dejan"]
[Result "1-0"]
[WhiteTitle "GM"]
[BlackTitle "GM"]
[WhiteElo "2506"]
[BlackElo "2467"]
[WhiteFideId "4901045"]
[BlackFideId "906379"]
[EventDate "2015.12.26"]

1. d4 Nf6 2. c4 e6 3. Nc3 d5 4. cxd5 exd5 5. Bg5 c6 6. Qc2 Be7 7. e3 Nbd7 8. Bd3
h6 9. Bh4 Nh5 10. Bxe7 Qxe7 11. Nge2 Nb6 12. O-O O-O 13. Rab1 a5 14. Na4 Nxa4
15. Qxa4 Bd7 16. Qc2 Nf6 17. Nc3 Ne8 18. Na4 Be6 19. Nb6 Ra7 20. Rfc1 Nd6 21.
Qc5 Nc8 22. Qxe7 Nxe7 23. Rc5 Nc8 24. Na4 Nd6 25. Rbc1 Rd8 26. b3 Bf5 27. Bf1
Re8 28. Re1 Kf8 29. f3 Ke7 30. g4 Bg6 31. e4 dxe4 32. fxe4 Kf8 33. e5 Ne4 34.
Rcc1 Ng5 35. Kf2 Ne6 36. Red1 Raa8 37. Bc4 Rad8 38. Bxe6 Rxe6 39. h4 f6 40. Nc5
Re7 41. exf6 gxf6 42. Re1 Bf7 43. Rxe7 Kxe7 44. Re1+ Kf8 45. Re4 b5 46. Ke3 Rd5
47. Rf4 Kg7 48. Ne4 Rd8 49. Nxf6 a4 50. Nh5+ Bxh5 51. gxh5 axb3 52. axb3 Rd5 53.
Kd3 c5 54. Kc3 cxd4+ 55. Rxd4 Rxh5 56. Kb4 Kf6 57. Ka5 Ke5 58. Rb4 Kd6 59. Kb6
Kd7 60. Rd4+ Ke6 61. Kc6 Ke7 62. Re4+ Kd8 63. Kd6 Rf5 64. Re6 h5 65. Re5 Rf4 66.
Rxh5 Kc8 67. Kc6 Kd8 68. Kxb5 1-0

[Event "39th Zurich Christmas"]
[Site "Zurich SUI"]
[Date "2015.12.30"]
[Round "7.8"]
[White "Gretz, Denis"]
[Black "Bindrich, Falko"]
[Result "1/2-1/2"]
[BlackTitle "GM"]
[WhiteElo "2287"]
[BlackElo "2583"]
[WhiteFideId "12945188"]
[BlackFideId "4676670"]
[EventDate "2015.12.26"]

1. e4 e5 2. Nf3 Nc6 3. Bc4 Bc5 4. c3 Nf6 5. d3 a6 6. Bb3 d6 7. O-O h6 8. Nbd2
Ba7 9. Re1 O-O 10. Nf1 Ne7 11. Ng3 Ng6 12. h3 Re8 13. d4 Bd7 14. Be3 c5 15. Qd2
Be6 16. Bxe6 Rxe6 17. d5 Re7 18. c4 b5 19. cxb5 axb5 20. a4 Bb6 21. Qc2 Rea7 22.
b3 Qd7 23. Nf5 bxa4 24. Rxa4 Ne7 25. Rxa7 Rxa7 26. Nxe7+ Qxe7 27. Nh4 Qf8 28.
Nf5 h5 29. Bg5 Nh7 30. Bd2 Nf6 31. Bg5 Bd8 32. Bxf6 Bxf6 33. Rb1 g6 34. Ne3 Qb8
35. Qc3 Rb7 36. Nc4 Rb4 37. Qd3 Bd8 38. Qc2 Bc7 39. Qd3 Rb7 40. Qc3 Ra7 41. Qc2
Qb4 42. Kf1 Qb5 43. Kg1 Qa6 44. Qb2 Qa2 45. Qxa2 Rxa2 46. Ne3 Kf8 47. b4 cxb4
48. Rxb4 Ke7 49. Kf1 Kd7 50. Rc4 Bb6 51. Rc2 Ra4 52. Rc4 Ra3 53. Ke2 Bc5 54. Rc2
Ra4 55. f3 Ra1 56. Rb2 Bd4 57. Rc2 Ra3 58. Nc4 Rb3 59. Na5 Re3+ 60. Kd2 Ra3 61.
Nc6 Bb6 62. Nb8+ Kd8 63. Nc6+ Ke8 64. Rb2 Bc7 65. Rc2 Kd7 66. Rb2 f5 67. Ke2 Ra4
68. Ke3 f4+ 69. Ke2 g5 70. Kf2 g4 71. hxg4 hxg4 72. fxg4 Rxe4 73. Rb3 Rc4 74. g5
e4 75. g6 e3+ 76. Kf1 Rc1+ 77. Ke2 Rc2+ 78. Kf1 Rf2+ 79. Kg1 f3 80. Rxe3 Rxg2+
81. Kf1 Rxg6 82. Rxf3 Rg5 83. Rf7+ Kc8 84. Na7+ Kd8 85. Nc6+ Kc8 86. Na7+ Kd8
87. Nc6+ Kc8 88. Na7+ 1/2-1/2

[Event "39th Zurich Christmas"]
[Site "Zurich SUI"]
[Date "2015.12.30"]
[Round "7.11"]
[White "Georgiadis, Nico"]
[Black "Dimitrov, Atanas"]
[Result "1-0"]
[WhiteTitle "IM"]
[BlackTitle "IM"]
[WhiteElo "2485"]
[BlackElo "2331"]
[WhiteFideId "1300113"]
[BlackFideId "2901315"]
[EventDate "2015.12.26"]

1. d4 Nf6 2. c4 e6 3. g3 Bb4+ 4. Bd2 c5 5. Bxb4 cxb4 6. Bg2 O-O 7. Nf3 d6 8. O-O
Nc6 9. a3 bxa3 10. Nxa3 Re8 11. Nb5 Qe7 12. Qb3 a5 13. Rfd1 Rd8 14. Rac1 Bd7 15.
c5 dxc5 16. dxc5 Nb4 17. Nd6 Bc6 18. Ne5 Bxg2 19. Kxg2 Rf8 20. Nec4 Qc7 21. Nb6
Rab8 22. Qa3 Rfd8 23. Qxa5 Qc6+ 24. Kg1 Nbd5 25. Ndc4 Ne4 26. Nxd5 Rxd5 27. Rxd5
Qxd5 28. Qc7 Rf8 29. b4 Qd4 30. Qf4 f5 31. Kg2 Ra8 32. Qe3 Qxe3 33. Nxe3 Kf7 34.
f3 Nf6 35. Nc4 Ke7 36. Nb6 Ra2 37. Kf2 Rb2 38. Rc4 Kd8 39. Ke3 g5 40. Kd3 Kc7
41. Rd4 Ne8 42. Kc4 Kc6 43. Rd8 Nc7 44. Rd6# 1-0

[Event "39th Zurich Christmas"]
[Site "Zurich SUI"]
[Date "2015.12.30"]
[Round "7.13"]
[White "Riff, Vincent"]
[Black "Gantner, Matthias"]
[Result "0-1"]
[WhiteTitle "FM"]
[BlackTitle "FM"]
[WhiteElo "2372"]
[BlackElo "2274"]
[WhiteFideId "617776"]
[BlackFideId "1310534"]
[EventDate "2015.12.26"]

1. c4 e5 2. Nc3 Nf6 3. Nf3 Nc6 4. a3 h6 5. d3 a5 6. g3 Bc5 7. Bg2 d6 8. O-O O-O
9. Rb1 Bg4 10. h3 Bf5 11. e4 Bh7 12. Be3 Re8 13. Nd5 Nd4 14. b4 axb4 15. axb4
Nxd5 16. cxd5 Bb6 17. Bxd4 exd4 18. Re1 Qd7 19. Nd2 c6 20. Qb3 Rac8 21. Nc4 Bc7
22. dxc6 bxc6 23. Qb2 c5 24. bxc5 dxc5 25. Qb5 Qe7 26. Qa6 Rb8 27. Qc6 Rb4 28.
Ra1 Bb8 29. Ra5 f5 30. Rxc5 fxe4 31. Bxe4 Kh8 32. Rd5 Rf8 33. Rd7 Bxe4 34. Rxe4
Rb1+ 35. Kg2 Rxf2+ 36. Kxf2 Qf8+ 37. Rf4 Bxf4 38. Kg2 Be3 39. Rd8 Qxd8 40. Ne5
Qb8 0-1

[Event "39th Zurich Christmas"]
[Site "Zurich SUI"]
[Date "2015.12.30"]
[Round "7.14"]
[White "Studer, Noel"]
[Black "Hofer, Emilian"]
[Result "1-0"]
[WhiteTitle "IM"]
[WhiteElo "2404"]
[BlackElo "2212"]
[WhiteFideId "1319620"]
[BlackFideId "1602357"]
[EventDate "2015.12.26"]

1. e4 e5 2. Nf3 Nc6 3. d4 exd4 4. Nxd4 Nf6 5. Nxc6 bxc6 6. e5 Qe7 7. Qe2 Nd5 8.
c4 Ba6 9. b3 g6 10. f4 Bg7 11. Qf2 Nb6 12. Be2 Bb7 13. Ba3 Qe6 14. Nd2 O-O-O 15.
O-O g5 16. Bb2 gxf4 17. a4 Kb8 18. a5 Nc8 19. Nf3 a6 20. c5 Na7 21. Bc4 Qe7 22.
Rae1 h6 23. b4 Qf8 24. Bc1 f6 25. Bxf4 fxe5 26. Nxe5 Bxe5 27. Bxe5 Qxf2+ 28.
Rxf2 Rhf8 29. Bf7 d5 30. Bg7 Rxf7 31. Rxf7 Nb5 32. Bxh6 Bc8 33. Rf8 Rxf8 34.
Bxf8 d4 35. Bh6 d3 36. Re8 Kb7 37. h3 Bf5 38. g4 Bg6 39. Rd8 Nc3 40. h4 Be4 41.
Kf2 Nd5 42. Bd2 1-0

[Event "39th Zurich Christmas"]
[Site "Zurich SUI"]
[Date "2015.12.30"]
[Round "7.18"]
[White "Fuchs, Judith"]
[Black "Hugentobler, Patrick"]
[Result "0-1"]
[WhiteTitle "WIM"]
[BlackTitle "FM"]
[WhiteElo "2324"]
[BlackElo "2188"]
[WhiteFideId "24605611"]
[BlackFideId "1301497"]
[EventDate "2015.12.26"]

1. b3 e5 2. Bb2 Nc6 3. e3 d5 4. Bb5 Bd6 5. f4 Qh4+ 6. g3 Qe7 7. Nf3 f6 8. Nc3
Be6 9. Qe2 a6 10. Bxc6+ bxc6 11. O-O-O Nh6 12. h3 Nf7 13. Kb1 a5 14. g4 Bd7 15.
Rde1 Ba3 16. g5 e4 17. gxf6 gxf6 18. Nd4 Bxb2 19. Kxb2 O-O 20. Qh5 Kh8 21. Rhg1
Rg8 22. a4 Nd6 23. Ka2 Rab8 24. Qh4 Qf7 25. Qf2 c5 26. Rxg8+ Kxg8 27. Ndb5 Nxb5
28. axb5 Bxb5 29. Nxb5 Rxb5 30. Qe2 Rb8 31. Qa6 c4 32. Qxa5 cxb3+ 33. cxb3 d4
34. Qa4 Qd5 35. Qc4 Qxc4 36. bxc4 d3 37. Rb1 Rxb1 38. Kxb1 Kf7 39. Kb2 Kg6 40.
Kb3 Kh5 41. Kb4 Kh4 42. Kc5 Kg3 43. Kc6 Kf3 44. Kxc7 Ke2 45. c5 Kxd2 46. c6 Kxe3
47. Kb7 d2 48. c7 d1=Q 49. c8=Q Kf2 50. Qc5+ e3 0-1

[Event "39th Zurich Christmas"]
[Site "Zurich SUI"]
[Date "2015.12.30"]
[Round "7.20"]
[White "Todorovic, Nenad I"]
[Black "Friedrich, Norbert"]
[Result "0-1"]
[BlackTitle "FM"]
[WhiteElo "2314"]
[BlackElo "2192"]
[WhiteFideId "912832"]
[BlackFideId "4602102"]
[EventDate "2015.12.26"]

1. e4 c5 2. Nf3 e6 3. d4 cxd4 4. Nxd4 a6 5. Be2 Nf6 6. Nc3 d6 7. O-O Be7 8. a4
O-O 9. f4 Qc7 10. Kh1 b6 11. e5 dxe5 12. fxe5 Nfd7 13. Bf4 Bb7 14. Bf3 Nc6 15.
Bxc6 Bxc6 16. Qg4 Kh8 17. Rad1 Nc5 18. Bg5 Bb7 19. Nce2 Bxg5 20. Qxg5 Ne4 21.
Qf4 g5 22. Qg4 Qxe5 23. Nf3 Qg7 24. Nc3 f5 25. Qh5 g4 26. Nd4 Rf6 27. Nxe4 Bxe4
28. Qh4 g3 29. Nf3 Rg8 30. Rd7 Qxd7 31. Qxf6+ Qg7 32. Qxe6 gxh2 33. g3 Qxb2 34.
Kxh2 Qxc2+ 35. Kh3 Qb2 36. Qe5+ Qxe5 37. Nxe5 Re8 38. Nf7+ Kg7 39. Nd6 Re5 40.
Rc1 Rc5 41. Re1 Rc6 42. Rd1 Kf6 43. Nb7 Ke5 0-1